00555nam a22001937a 450000500170000001000230001702000260004003500170006603500140008303500130009703700150011003700130012508200110013810000180014924500630016726000330023027000740026330000240033720170801114252.0 a1617EN ENG-117204 a9780143423140c250.00 aB-649365-382 aEN-100736 aB-667271 aDPLbAAKAR bDBAD/PUB a618.24 aSibal, Anupam aIs your child ready to face the world ? /cby Anupam Sibal aGurgaonbPenguin Booksc2015 a7th floor, infinity Toer C, DLF Cyber CitybGurgaon (Haryana)e122002 axx,162p.c18cm(pbk)